Audítorská infraštruktúra a korporačné riadenie Spojených štátov amerických prešli značnými zmenami

Auditorská infraštruktúra USA. Zodpovednosť audítora za banku. Audítor verzus štát. Škodlivý klient. Zmeny v Rade pre dohľad nad audítormi.

Gespeichert in:
Bibliographische Detailangaben
1. Verfasser: Krajňáková, Emília
Format: Buchkapitel
Sprache:Slowakisch
Schlagworte:
Tags: Tag hinzufügen
Keine Tags, Fügen Sie das erste Tag hinzu!

MARC

LEADER 00000nla a2200000 4500
001 0178932
005 20231121083425.3
041 0 |a slo 
044 |a SK 
245 1 0 |a Audítorská infraštruktúra a korporačné riadenie Spojených štátov amerických prešli značnými zmenami  |c Emília Krajňáková 
520 |a Auditorská infraštruktúra USA. Zodpovednosť audítora za banku. Audítor verzus štát. Škodlivý klient. Zmeny v Rade pre dohľad nad audítormi. 
610 2 0 |a audítorstvo 
610 2 0 |a audítori 
610 2 0 |a USA 
610 2 0 |a služby finančné 
610 2 0 |a korporácie 
610 2 0 |a audit 
610 2 0 |a sprostredkovatelia 
610 2 0 |a kríza finančná 
100 1 |a Krajňáková, Emília